Kayworth v Highways Agency (Record no. 14079)

MARC details
000 -LEADER
fixed length control field 01440cab a2200241 4500
001 - CONTROL NUMBER
control field ABS56079
008 - FIXED-LENGTH DATA ELEMENTS--GENERAL INFORMATION
fixed length control field 090401t1996 xxu||||| |||| 00| 0 eng d
035 ## - SYSTEM CONTROL NUMBER
System control number (Sirsi) u20987
041 ## - LANGUAGE CODE
Language code of text/sound track or separate title eng
245 ## - TITLE STATEMENT
Title Kayworth v Highways Agency
260 ## - PUBLICATION, DISTRIBUTION, ETC.
Date of publication, distribution, etc. 1996
350 ## - PRICE (NR) (BK AM CF MU VM SE) [OBSOLETE]
Price 0
490 ## - SERIES STATEMENT
Series statement Property and Compensation Reports
Volume/sequential designation [1996] 72 P&CR 433-439(4)
520 ## - SUMMARY, ETC.
Summary, etc. LT 14 June 1996. The claimants (K) served a blight notice as their property was partly situated within the formal safeguarding corridor for the widening of the A1 to motorway standard. The Highways Agency (HA) served a counter notice on the grounds that they did not intend to acquire any part of the property. K challenged the HA notice, the HA responded by stating that the road widening would now take place on the opposite side of the road and had been so reported in the newspaper. K pointed out that the new route had not been notified to the local authority for search purposes and that two nearby houses had been purchased by the HA. Held, that the agency`s objection in the counter notice was not well founded as it had not informed the local authority formally of its changed intention.
650 ## - SUBJECT ADDED ENTRY--TOPICAL TERM
Topical term or geographic name entry element BLIGHT NOTICES
650 ## - SUBJECT ADDED ENTRY--TOPICAL TERM
Topical term or geographic name entry element COUNTER NOTICE
650 ## - SUBJECT ADDED ENTRY--TOPICAL TERM
Topical term or geographic name entry element KAYWORHTH V HIGHWAYS AGENCY
650 ## - SUBJECT ADDED ENTRY--TOPICAL TERM
Topical term or geographic name entry element ROAD WIDENING
650 ## - SUBJECT ADDED ENTRY--TOPICAL TERM
Topical term or geographic name entry element TOWN AND COUNTRY PLANNING ACT 1990 S150
690 ## - LOCAL SUBJECT ADDED ENTRY--TOPICAL TERM (OCLC, RLIN)
Topical term or geographic name as entry element PLANNING LAW AND PRACTICE-CASE LAW
942 ## - ADDED ENTRY ELEMENTS (KOHA)
Suppress in OPAC 0
948 ## - LOCAL PROCESSING INFORMATION (OCLC); SERIES PART DESIGNATOR (RLIN)
c (OCLC) 04/03/1997
Holdings
Withdrawn status Lost status Source of classification or shelving scheme Damaged status Not for loan Home library Current library Shelving location Date acquired Total Checkouts Full call number Barcode Date last seen Copy number Price effective from Koha item type
    Dewey Decimal Classification     London London Journal article 14/09/1999   ABS56079 20987-1001 06/08/2019 1 06/08/2019 Law report